[Event "Copenhagen Challenge"]
[Site "Ballerup"]
[Date "2019.05.16"]
[Round "3"]
[White "Hentley, Darryl"]
[Black "Saravana Kumar, Vedant"]
[Result "0-1"]
[WhiteElo "1529"]
[BlackElo "1845"]
[PlyCount "98"]
[EventDate "2019.05.15"]
[EventType "swiss"]
[EventRounds "9"]
[EventCountry "DEN"]
[SourceTitle "CBM 190 Extra"]
[Source "ChessBase"]
[SourceDate "2019.07.15"]
[SourceVersion "1"]
[SourceVersionDate "2019.07.15"]
[SourceQuality "1"]

1. Nc3 e5 2. f4 d6 3. d3 Nf6 4. Nf3 Nc6 5. a3 Be7 6. Be3 0-0 7. Qd2 Bf5 8. g3 e4 9. Ng5 exd3 10. cxd3 h6 11. Nf3 Na5 12. Nd4 Bh7 13. Bg2 c5 14. Nc2 Nb3 15. Qd1 Nxa1 16. Nxa1 Rb8 17. 0-0 Bf5 18. Bf2 d5 19. e3 Qd7 20. Qe2 Bh3 21. Nc2 Bxg2 22. Kxg2 Rfe8 23. h3 Bd6 24. Qd2 Qf5 25. e4 dxe4 26. Ne3 Qe6 27. Re1 exd3 28. Qxd3 Qd7 29. Rd1 Qc6+ 30. Kh2 Rbd8 31. Ned5 Nxd5 32. Nxd5 Bf8 33. Qf3 Rd6 34. Qh5 Red8 35. Nf6+ gxf6 36. Rxd6 Rxd6 37. Qg4+ Bg7 38. Qe2 Re6 39. Qd3 Qd6 40. Qc2 Qe7 41. Kg1 Re2 42. Qf5 Qe4 43. Qc8+ Kh7 44. Qxc5 f5 45. Qxa7 Rxf2 46. Qxf2 Bd4 47. b4 Bxf2+ 48. Kxf2 Qd3 49. a4 Kg6 0-1

[Event "Copenhagen Challenge"]
[Site "Ballerup"]
[Date "2019.05.16"]
[Round "2"]
[White "Saravana Kumar, Vedant"]
[Black "Unneland, Mathias"]
[Result "0-1"]
[WhiteElo "1845"]
[BlackElo "2009"]
[PlyCount "60"]
[EventDate "2019.05.15"]
[EventType "swiss"]
[EventRounds "9"]
[EventCountry "DEN"]
[SourceTitle "CBM 190 Extra"]
[Source "ChessBase"]
[SourceDate "2019.07.15"]
[SourceVersion "1"]
[SourceVersionDate "2019.07.15"]
[SourceQuality "1"]

1. e4 e6 2. d4 d5 3. e5 c5 4. c3 Nc6 5. Nf3 Qb6 6. Be2 cxd4 7. cxd4 Nh6 8. Nc3 Nf5 9. Na4 Qa5+ 10. Bd2 Bb4 11. Bc3 b5 12. a3 Bxc3+ 13. Nxc3 b4 14. axb4 Qxb4 15. Bb5 Bd7 16. Bxc6 Bxc6 17. Qd2 h6 18. Ne4 Qb6 19. Nc5 Bb5 20. Qa5 0-0 21. Kd2 Nxd4 22. Nxd4 Qxc5 23. Nxb5 Rfb8 24. Rhf1 Rxb5 25. Qc3 Qb6 26. Ra2 Rb3 27. Qc2 Qd4+ 28. Kc1 Rb4 29. Kb1 Qxe5 30. f4 Rxf4 0-1

[Event "Helsingor Xtracon op"]
[Site "Helsingor"]
[Date "2018.07.29"]
[Round "10"]
[White "Stage Steffensen, Sander"]
[Black "Saravana Kumar, Vedant"]
[Result "1-0"]
[WhiteElo "1928"]
[BlackElo "1691"]
[PlyCount "85"]
[EventDate "2018.07.21"]
[EventType "swiss"]
[EventRounds "10"]
[EventCountry "DEN"]
[SourceTitle "CBM 185 Extra"]
[Source "ChessBase"]
[SourceDate "2018.07.29"]
[SourceVersion "1"]
[SourceVersionDate "2018.07.29"]
[SourceQuality "1"]

1. e4 e5 2. Nf3 Nc6 3. Bc4 Bc5 4. c3 Nf6 5. d3 h6 6. 0-0 d6 7. b4 Bb6 8. Re1 0-0 9. Nbd2 Be6 10. Bxe6 fxe6 11. Nc4 Qe7 12. a4 Ng4 13. Nxb6 axb6 14. h3 Nf6 15. b5 Nd8 16. Ba3 Nf7 17. d4 Nd7 18. Bb4 Ng5 19. Nxe5 Nxe5 20. dxe5 Qf7 21. f3 Qg6 22. Kh2 Qh5 23. Re3 Qh4 24. Qe1 Qf4+ 25. Kh1 Qxe5 26. h4 Nh7 27. g3 Rfe8 28. Kg2 Qh5 29. e5 d5 30. Qe2 Nf8 31. c4 dxc4 32. Qxc4 Qf7 33. Ra2 Rac8 34. Re4 c5 35. Bc3 Nd7 36. Rd2 Rf8 37. Re3 Rcd8 38. Rd6 Rfe8 39. Red3 Kf8 40. Kf2 Ke7 41. a5 bxa5 42. Rxd7+ Rxd7 43. Qxc5+ 1-0

[Event "Helsingor Xtracon op"]
[Site "Helsingor"]
[Date "2018.07.28"]
[Round "9"]
[White "Saravana Kumar, Vedant"]
[Black "Skjoldager, Flemming"]
[Result "1-0"]
[WhiteElo "1691"]
[BlackElo "1902"]
[PlyCount "27"]
[EventDate "2018.07.21"]
[EventType "swiss"]
[EventRounds "10"]
[EventCountry "DEN"]
[SourceTitle "CBM 185 Extra"]
[Source "ChessBase"]
[SourceDate "2018.07.29"]
[SourceVersion "1"]
[SourceVersionDate "2018.07.29"]
[SourceQuality "1"]

1. e4 d5 2. exd5 Qxd5 3. Nc3 Qd6 4. Nf3 Nf6 5. d4 c6 6. Bd3 g6 7. Be3 Bg4 8. h3 Bxf3 9. Qxf3 Nbd7 10. 0-0 Bg7 11. Rfe1 e6 12. a3 0-0-0 13. Bf4 Qf8 14. Qxc6+ 1-0

[Event "Helsingor Xtracon op"]
[Site "Helsingor"]
[Date "2018.07.25"]
[Round "6"]
[White "Ramkilde, Mikael"]
[Black "Saravana Kumar, Vedant"]
[Result "1/2-1/2"]
[WhiteElo "1971"]
[BlackElo "1691"]
[PlyCount "82"]
[EventDate "2018.07.21"]
[EventType "swiss"]
[EventRounds "10"]
[EventCountry "DEN"]
[SourceTitle "CBM 185 Extra"]
[Source "ChessBase"]
[SourceDate "2018.07.29"]
[SourceVersion "1"]
[SourceVersionDate "2018.07.29"]
[SourceQuality "1"]

1. e4 e5 2. Nf3 Nc6 3. d4 exd4 4. Bc4 d6 5. Nxd4 Nxd4 6. Qxd4 Nf6 7. Nc3 Be7 8. 0-0 0-0 9. b3 Re8 10. Bb2 Bf8 11. f4 Be6 12. Nd5 Nxd5 13. exd5 Bf5 14. Qf2 Qe7 15. Rae1 Qd7 16. Rd1 a6 17. h3 b5 18. Bd3 Bxd3 19. Rxd3 Qf5 20. Rd4 Re7 21. g4 Qd7 22. Rd2 Rae8 23. Bd4 f5 24. g5 Re4 25. Kg2 Qe7 26. Qf3 Re2+ 27. Rxe2 Qxe2+ 28. Qxe2 Rxe2+ 29. Rf2 Re4 30. Ba7 Be7 31. Kf3 Kf7 32. Re2 Rxe2 33. Kxe2 g6 34. Kd3 Ke8 35. Kc3 Kd7 36. Kb4 Kc8 37. a4 bxa4 38. Kxa4 Kb7 39. Be3 Bd8 40. c4 c6 41. dxc6+ Kxc6 1/2-1/2

[Event "Boksburg Inter Region-ch"]
[Site "Boksburg"]
[Date "2016.12.22"]
[Round "6.4"]
[White "Saravana Kumar, Vedant"]
[Black "Hattingh, Gerhardus"]
[Result "1-0"]
[WhiteElo "1025"]
[BlackElo "1073"]
[PlyCount "161"]
[EventDate "2016.12.20"]
[EventType "team-swiss"]
[EventRounds "7"]
[EventCountry "RSA"]
[SourceTitle "CBM 176 Extra"]
[Source "ChessBase"]
[SourceDate "2017.03.02"]
[SourceVersion "1"]
[SourceVersionDate "2017.03.02"]
[SourceQuality "1"]
[WhiteTeam "Johannesburg Metro II"]
[BlackTeam "King Catchers"]
[WhiteTeamCountry "RSA"]
[BlackTeamCountry "RSA"]

1. e4 e5 2. Nf3 Nc6 3. Bb5 Nf6 4. 0-0 Nxe4 5. Re1 Nd6 6. Bxc6 dxc6 7. Nxe5 Be7 8. d3 0-0 9. Nc3 Nf5 10. Nf3 Bc5 11. Bf4 Nd4 12. Nxd4 Bxd4 13. Be5 Bxe5 14. Rxe5 Qf6 15. Qh5 Bg4 16. Ne4 Bxh5 17. Nxf6+ gxf6 18. Rxh5 Rfe8 19. Kf1 Re6 20. Re1 Rae8 21. Rxe6 Rxe6 22. Rh3 c5 23. Re3 Kf8 24. Rxe6 fxe6 25. Ke2 Ke7 26. Kf3 f5 27. g3 b5 28. c3 Kd6 29. Kf4 Kd5 30. Kg5 Ke5 31. f4+ Kd5 32. Kh6 c4 33. d4 Ke4 34. Kxh7 Kd3 35. h4 Kc2 36. h5 Kxb2 37. Kg6 Kxc3 38. h6 Kd3 39. h7 c3 40. h8Q c2 41. Qh1 Kd2 42. Qg2+ Kc1 43. Kf6 Kb1 44. Qf1+ c1Q 45. Qxb5+ Kxa2 46. Qa5+ Qa3 47. Qxc7 a5 48. Qc2+ Qb2 49. Qc4+ Qb3 50. Qxe6 a4 51. Qe2+ Qb2 52. Qxb2+ Kxb2 53. d5 a3 54. d6 a2 55. d7 Kc1 56. d8Q a1Q+ 57. Kxf5 Qb1+ 58. Kg4 Qg6+ 59. Qg5 Qe4 60. Qc5+ Kd2 61. Qd6+ Kc3 62. Qe5+ Kd3 63. Qxe4+ Kxe4 64. f5 Ke5 65. Kg5 Kd6 66. f6 Kd7 67. Kg6 Ke8 68. f7+ Kf8 69. g4 Ke7 70. Kg7 Ke6 71. f8Q Ke5 72. g5 Ke6 73. g6 Ke5 74. Kh6 Ke6 75. g7 Ke5 76. g8R Ke6 77. Qc5 Kf6 78. Rg6+ Kf7 79. Qa7+ Kf8 80. Rb6 Ke8 81. Rb8# 1-0